Visualizzazione normale
Vista MARC
- Petrosino, Silvano,
di Personal Name
Records bibliografici associati: 1
001 - CONTROL NUMBER
- control field: 61889
003 - CONTROL NUMBER IDENTIFIER
- control field:
005 - DATE AND TIME OF LATEST TRANSACTION
- control field: 20250319115959.0
008 - FIXED-LENGTH DATA ELEMENTS
- fixed length control field: 250319|| aca||aabn | a|a d
040 ## - CATALOGING SOURCE
- Original cataloging agency:
- Transcribing agency:
100 ## - HEADING--PERSONAL NAME
- Personal name: Petrosino, Silvano,
- Dates associated with a name: 1955-
670 ## - SOURCE DATA FOUND
- Source citation: Work cat.: ()360450: Lévinas, Emmanuel, 1906-1995. autore 61886, Totalità e infinito :, 2023.